000 00643nam a2200217Ii 4500
003 JO-AjNU
008 230605s9999||||xx |||||||||||||| ||und||
017 _a1974/1838
040 _aJO-AjNU
_bara
_erda
_cJO-AjNU
041 _aara
050 1 4 _aKRM2720.S5248.1973
100 3 _aالشرقاوى، سعاد,
_eauthor
_946944
245 0 0 _aالمسئولية الإدارية
250 _aط3
264 3 1 _aمصر: دار المعارف، 1973
300 _a277ص
336 _atext
_btxt
_2rdacontent
337 _aunmediated
_bn
_2rdamedia
338 _avolume
_bnc
_2rdacarrier
650 4 _aالمسئولية الإدارية
_946945
999 _aA20459
_c24027
_d24027